Countries who use the most YouTube - Statistics

General Stats
  • This quiz has been taken 43 times
  • The average score is 15 of 20
Answer Stats
Number Country % Correct
2 United States
98%
13 France
95%
8 Germany
93%
5 Mexico
93%
20 Canada
90%
1 India
90%
12 United Kingdom
88%
3 Brazil
85%
6 Japan
85%
4 Indonesia
83%
17 Italy
80%
18 Spain
80%
15 South Korea
78%
7 Pakistan
73%
11 Turkey
68%
9 Vietnam
68%
16 Thailand
60%
19 Bangladesh
58%
14 Egypt
55%
10 Phillipines
30%
No matching quizzes found
Score Distribution
Percent of People with Each Score
Percentile by Number Answered
Your Score History
You have not taken this quiz